00600nam a2200181Ia 4500008004000000020001500040082001600055100002000071245003600091260003300127300001200160650003300172690002500205700002400230906001100254999001700265952013600282210210b1984 xxu||||| |||| 00| 0 eng d a0632011475 a616.01 ROSC aROSS (Philip W) aClinical and oral microbiology. aBoston.bNot Mentionedc1984 avii,170 aClinical Oral Microbiology  aMedical Microbiology aHOLBROOK (W Peter). a043697 c93225d93225 001040708medical scienceaALbALcmedical scienced2021-02-17g0.00l0o616.01 ROSCp043697r2021-02-17 00:00:00w2021-02-17yBK